MARC details
| 000 -LEADER |
| fixed length control field |
03433cam a22005774a 4500 |
| 001 - CONTROL NUMBER |
| control field |
muse82421 |
| 003 - CONTROL NUMBER IDENTIFIER |
| control field |
MdBmJHUP |
| 005 - DATE AND TIME OF LATEST TRANSACTION |
| control field |
20210127151514.0 |
| 006 - FIXED-LENGTH DATA ELEMENTS--ADDITIONAL MATERIAL CHARACTERISTICS |
| fixed length control field |
m o d |
| 007 - PHYSICAL DESCRIPTION FIXED FIELD--GENERAL INFORMATION |
| fixed length control field |
cr||||||||nn|n |
| 008 - FIXED-LENGTH DATA ELEMENTS--GENERAL INFORMATION |
| fixed length control field |
191230t20191998mdu o 00 0 eng d |
| 020 ## - INTERNATIONAL STANDARD BOOK NUMBER |
| International Standard Book Number |
9781421437699 |
| 020 ## - INTERNATIONAL STANDARD BOOK NUMBER |
| Canceled/invalid ISBN |
1421437678 |
| 020 ## - INTERNATIONAL STANDARD BOOK NUMBER |
| Canceled/invalid ISBN |
9781421437675 |
| 020 ## - INTERNATIONAL STANDARD BOOK NUMBER |
| Canceled/invalid ISBN |
9781421437682 |
| 020 ## - INTERNATIONAL STANDARD BOOK NUMBER |
| Canceled/invalid ISBN |
1421437686 |
| 020 ## - INTERNATIONAL STANDARD BOOK NUMBER |
| Canceled/invalid ISBN |
1421437694 |
| 035 ## - SYSTEM CONTROL NUMBER |
| System control number |
(OCoLC)1138592743 |
| 040 ## - CATALOGING SOURCE |
| Original cataloging agency |
MdBmJHUP |
| Transcribing agency |
MdBmJHUP |
| 050 #4 - LIBRARY OF CONGRESS CALL NUMBER |
| Classification number |
TX951 |
| Item number |
.E325 1998 |
| 100 1# - MAIN ENTRY--PERSONAL NAME |
| Personal name |
Edmunds, Lowell, |
| Relator term |
author. |
| 245 10 - TITLE STATEMENT |
| Title |
Martini, Straight Up |
| Remainder of title |
The Classic American Cocktail / |
| Statement of responsibility, etc. |
Lowell Edmunds. |
| 250 ## - EDITION STATEMENT |
| Edition statement |
Revised edition. |
| 300 ## - PHYSICAL DESCRIPTION |
| Extent |
1 online resource (1 online resource xxix, 153 pages) : |
| Other physical details |
illustrations (some color) |
| 500 ## - GENERAL NOTE |
| General note |
Originally published by Johns Hopkins University Press in 1998 |
| 500 ## - GENERAL NOTE |
| General note |
Revised edition of: The silver bullet / Lowell Edmunds. 1981. |
| 500 ## - GENERAL NOTE |
| General note |
The text of this book is licensed under a Creative Commons Attribution-NonCommercial-No Derivatives 4.0 International License |
| 500 ## - GENERAL NOTE |
| General note |
Open access edition supported by the National Endowment for the Humanities / Andrew W. Mellon Foundation Humanities Open Book Program. |
| 504 ## - BIBLIOGRAPHY, ETC. NOTE |
| Bibliography, etc. note |
Includes bibliographical references (pages 125-145) and index. |
| 505 0# - FORMATTED CONTENTS NOTE |
| Formatted contents note |
Time Line: The Martini Decade by Decade -- The Simple Messages of the Martini. Message 1. The Martini is American -- it is not European, Asian, or African. Message 2. The Martini is urban and urbane -- it is not rural or rustic. Message 3. The Martini is a high-status, not a low-status, drink. Message 4. The Martini is a man's, not a woman's, drink. Message 5. The Martini is optimistic, not pessimistic. Message 6. The Martini is the drink of adults, not of children. Message 7. The Martini belongs to the past, not to the present. The Simple Messages Reconsidered -- The Ambiguities of the Martini. Ambiguity 1. The Martini is civilized -- the Martini is uncivilized. Ambiguity 2. The Martini unites -- the Martini separates. |
| 506 0# - RESTRICTIONS ON ACCESS NOTE |
| Terms governing access |
Open Access |
| Standardized terminology for access restriction |
Unrestricted online access |
| Source of term |
star |
| 520 1# - SUMMARY, ETC. |
| Summary, etc. |
"In this engaging look at the classic cocktail, Lowell Edmunds traces the history of the Martini back to its American origins in the nineteenth century. Exploring literary and dramatic works as well as newspapers, magazines, cartoons, bartenders' manuals, distillery brochures, and other documents of popular culture, Edmunds finds in the Martini's image the same ambiguities that characterize American life."--Jacket. |
| 588 ## - SOURCE OF DESCRIPTION NOTE |
| Source of description note |
Description based on print version record. |
| 650 #0 - SUBJECT ADDED ENTRY--TOPICAL TERM |
| Topical term or geographic name entry element |
Martini Getr©ank |
| Source of heading or term |
gnd |
| Authority record control number or standard number |
(DE-588)4501294-5 |
| 650 #0 - SUBJECT ADDED ENTRY--TOPICAL TERM |
| Topical term or geographic name entry element |
Martinis. |
| Source of heading or term |
fast |
| Authority record control number or standard number |
(OCoLC)fst01010895 |
| 650 #0 - SUBJECT ADDED ENTRY--TOPICAL TERM |
| Topical term or geographic name entry element |
Drinking customs. |
| Source of heading or term |
fast |
| Authority record control number or standard number |
(OCoLC)fst00898195 |
| 650 #0 - SUBJECT ADDED ENTRY--TOPICAL TERM |
| Topical term or geographic name entry element |
Drinking customs |
| Geographic subdivision |
United States |
| General subdivision |
History. |
| 650 #0 - SUBJECT ADDED ENTRY--TOPICAL TERM |
| Topical term or geographic name entry element |
Martinis. |
| 651 #0 - SUBJECT ADDED ENTRY--GEOGRAPHIC NAME |
| Geographic name |
United States. |
| Source of heading or term |
fast |
| Authority record control number or standard number |
(OCoLC)fst01204155 |
| 655 #0 - INDEX TERM--GENRE/FORM |
| Genre/form data or focus term |
Electronic books. |
| Source of term |
lcgft |
| 655 #0 - INDEX TERM--GENRE/FORM |
| Genre/form data or focus term |
History. |
| Source of term |
fast |
| Authority record control number |
(OCoLC)fst01411628 |
| 655 #7 - INDEX TERM--GENRE/FORM |
| Genre/form data or focus term |
Electronic books. |
| Source of term |
local |
| 700 1# - ADDED ENTRY--PERSONAL NAME |
| Personal name |
Edmunds, Lowell. |
| Title of a work |
The silver bullet |
| 710 2# - ADDED ENTRY--CORPORATE NAME |
| Corporate name or jurisdiction name as entry element |
Project Muse. |
| 710 2# - ADDED ENTRY--CORPORATE NAME |
| Corporate name or jurisdiction name as entry element |
Project Muse. |
| Relator term |
distributor |
| 830 #0 - SERIES ADDED ENTRY--UNIFORM TITLE |
| Uniform title |
Book collections on Project MUSE. |
| 856 40 - ELECTRONIC LOCATION AND ACCESS |
| Public note |
Full text available: |
| Uniform Resource Identifier |
<a href="https://muse.jhu.edu/book/73002/">https://muse.jhu.edu/book/73002/</a> |